[Event "BEECHCRAFTH KING AIR 350 VI"]
[Site "http://www.queenalice.com/game.php?id=761796"]
[Date "2010.4.16"]
[Round "-"]
[White "rogeriooliveira"]
[Black "Ichigo"]
[Result "0-1"]
[WhiteElo "1330"]
[BlackElo "1383"]

1. e4 Nc6 2. d4 d5 3. e5 e6 4. Nf3 Be7 5. Bb5 Bd7 6. Bxc6 Bxc6 7. O-O h6 8. Nc3
Qd7 9. Bf4 f6 10. Qd3 O-O-O 11. Na4 Bxa4 12. b3 Bb5 13. c4 dxc4 14. bxc4 Ba6 15.
Rab1 g5 16. Bd2 g4 17. Ne1 Qe8 18. Qb3 Qc6 19. Rc1 Rxd4 20. Bc3 Rxc4 21. Nd3 b6
22. Bd2 Bb7 23. Rxc4 Qxg2# 0-1

[Event "AUTO-OPEN-1947"]
[Site "http://www.queenalice.com/game.php?id=761831"]
[Date "2010.4.16"]
[Round "1"]
[White "Ichigo"]
[Black "Constante"]
[Result "0-1"]
[WhiteElo "1383"]
[BlackElo "2082"]

1. e4 c5 2. Nc3 Nc6 3. Nf3 d6 4. Bb5 e5 5. O-O Nf6 6. d3 Be7 7. Bg5 O-O 8. Nd5
Nxd5 9. Bxe7 Ndxe7 10. Bc4 Ng6 11. c3 a6 12. d4 cxd4 13. cxd4 Bg4 14. Be2 Bxf3
15. Bxf3 Nxd4 16. Rc1 Rc8 17. Bg4 Rxc1 18. Qxc1 Nf4 19. Qd2 Qg5 20. f3 Nh3+ 21.
Bxh3 Qxd2 0-1

[Event "AUTO-OPEN-1947"]
[Site "http://www.queenalice.com/game.php?id=761832"]
[Date "2010.4.16"]
[Round "1"]
[White "Constante"]
[Black "Ichigo"]
[Result "1-0"]
[WhiteElo "2085"]
[BlackElo "1432"]

1. e4 e5 2. Nf3 Nc6 3. d4 exd4 4. Nxd4 Nxd4 5. Qxd4 d6 6. Nc3 c5 7. Qd1 Be6 8.
Nd5 Ne7 9. Bb5+ Nc6 10. O-O a6 11. Ba4 b5 12. c4 bxa4 13. Qxa4 Bd7 14. Qd1 g6
15. f4 Bg7 16. f5 Bd4+ 17. Kh1 O-O 18. Qg4 Ne5 19. Qg3 Rb8 20. Rb1 Nxc4 21. b3
Be5 22. Bf4 Nd2 23. f6 Nxe4 24. Qh4 Be6 25. Ne7+ Kh8 26. Bxe5 dxe5 27. Qxe4 Rb7
28. Qxb7 Bd5 29. Nxd5 1-0

[Event "AUTO-OPEN-1947"]
[Site "http://www.queenalice.com/game.php?id=761833"]
[Date "2010.4.16"]
[Round "1"]
[White "Ichigo"]
[Black "Cristianopesoa"]
[Result "0-1"]
[WhiteElo "1409"]
[BlackElo "1584"]

1. c4 e5 2. e4 Bc5 3. a3 Nf6 4. d3 Bd4 5. Nf3 Nc6 6. Be2 d6 7. O-O Bg4 8. Nxd4
exd4 9. Bxg4 Ne5 10. Bh3 h6 11. Nd2 g5 12. g3 g4 13. Bg2 Qe7 14. Nb3 O-O-O 15.
Nxd4 c5 16. Nf5 Qd7 17. Bxh6 Kb8 18. Bg7 Rh5 19. Bxf6 Rg8 20. f4 Ng6 21. Qxg4
Rgh8 22. Bxh8 Rxh8 23. Qg5 Qe8 24. Nxd6 Qe6 25. Nb5 a6 26. f5 Qe7 0-1

[Event "AUTO-OPEN-1947"]
[Site "http://www.queenalice.com/game.php?id=761834"]
[Date "2010.4.16"]
[Round "1"]
[White "Cristianopesoa"]
[Black "Ichigo"]
[Result "0-1"]
[WhiteElo "1559"]
[BlackElo "1356"]

1. e4 d6 2. d4 e6 3. Nf3 Be7 4. Nc3 Nf6 5. d5 c6 6. dxe6 Bxe6 7. Bg5 O-O 8. e5
dxe5 9. Nxe5 Qc7 10. f4 Nd5 11. Bxe7 Qxe7 12. Qf3 Qh4+ 13. g3 Qf6 14. O-O-O Nd7
15. Ne4 Qh6 16. Ng4 Qg6 17. h3 f5 18. Ne5 Nxe5 19. Qb3 Nxf4 20. Qxb7 fxe4 21.
gxf4 Qh6 22. Rg1 Qxf4+ 23. Kb1 Qf6 24. Be2 Rab8 25. Qxa7 Nd7 26. Rgf1 Qxb2# 0-1

[Event "AUTO-BEG-391"]
[Site "http://www.queenalice.com/game.php?id=763361"]
[Date "2010.4.19"]
[Round "1"]
[White "Ichigo"]
[Black "PU1JQF"]
[Result "0-1"]
[WhiteElo "1452"]
[BlackElo "1256"]

1. g3 e6 2. Bg2 d5 3. d4 Nc6 4. Nf3 Bd7 5. O-O Bd6 6. a3 Nf6 7. Nc3 Qe7 8. Nb5
Rc8 9. Bg5 h6 10. Nxd6+ Qxd6 11. Bxf6 gxf6 12. c3 Rg8 13. Qd2 Rg6 14. Nh4 Rg7
15. Qxh6 Kf8 16. Qh8+ Rg8 17. Qh6+ Ke7 18. b4 e5 19. dxe5 Qxe5 20. Qd2 a5 21.
Qxd5 Qxc3 22. Qe4+ Be6 0-1

[Event "AUTO-BEG-391"]
[Site "http://www.queenalice.com/game.php?id=763362"]
[Date "2010.4.19"]
[Round "1"]
[White "PU1JQF"]
[Black "Ichigo"]
[Result "1-0"]
[WhiteElo "1280"]
[BlackElo "1410"]

1. e4 e5 2. Nf3 d6 3. d4 Nd7 4. Nc3 Ngf6 5. Bd3 Be7 6. Bc4 c6 7. Be3 b5 8. Bb3
O-O 9. Ne2 Nxe4 10. Qd3 Nef6 11. Nh4 e4 12. Qc3 Bb7 13. Nf5 d5 14. Nh6+ Kh8 15.
Nf5 a5 16. Bf4 Bb4 17. Bd6 Bxc3+ 18. Nxc3 Re8 19. Ne7 Ng8 20. Nxg8 Kxg8 21.
O-O-O a4 22. Bxa4 1-0

[Event "AUTO-BEG-391"]
[Site "http://www.queenalice.com/game.php?id=763363"]
[Date "2010.4.19"]
[Round "1"]
[White "Ichigo"]
[Black "pablin"]
[Result "0-1"]
[WhiteElo "1374"]
[BlackElo "1439"]

1. e4 e5 2. Nf3 Nf6 3. Be2 Nc6 4. O-O Bc5 5. c3 O-O 6. d4 exd4 7. cxd4 Bb6 8. e5
Ne4 9. Nc3 Nxc3 10. bxc3 d6 11. Bg5 Qe8 12. exd6 cxd6 13. Qc2 Ne7 14. Bd3 Ng6
15. Rae1 Qc6 16. Nh4 d5 17. Nf5 Bxf5 18. Bxf5 Bd8 19. Bc1 Bc7 20. g3 Rfe8 21.
Qd3 Ba5 22. Bd2 Nf8 23. Re5 g6 24. Bh3 Bc7 25. Re3 Nd7 26. Rfe1 Rxe3 27. Rxe3
Nf6 28. Re1 Ne4 29. Rc1 b5 30. Bg2 Ba5 31. Bxe4 dxe4 32. Qe3 Rd8 33. Qg5 Bc7 0-1

[Event "AUTO-BEG-391"]
[Site "http://www.queenalice.com/game.php?id=763364"]
[Date "2010.4.19"]
[Round "1"]
[White "pablin"]
[Black "Ichigo"]
[Result "1-0"]
[WhiteElo "1414"]
[BlackElo "1489"]

1. e4 Nc6 2. Nf3 e5 3. Bc4 Be7 4. O-O Nf6 5. d3 O-O 6. Nc3 a6 7. Re1 d6 8. Be3
Na5 9. h3 b5 10. Bd5 c6 11. Bb3 Nxb3 12. cxb3 Qc7 13. b4 d5 14. exd5 cxd5 15. a3
d4 16. Nxe5 dxe3 17. Rxe3 Bd6 18. d4 Bb7 19. f3 Rae8 20. Qd3 Bxe5 21. dxe5 Qb6
22. Kh2 Nh5 23. Rae1 Nf4 24. Qd6 1-0

[Event "Challenge"]
[Site "http://www.queenalice.com/game.php?id=772939"]
[Date "2010.5.8"]
[Round "-"]
[White "Ichigo"]
[Black "uracile"]
[Result "0-1"]
[WhiteElo "1374"]
[BlackElo "1802"]

1. b3 e5 2. Bb2 Nc6 3. e4 Bc5 4. Nf3 Nf6 5. d3 O-O 6. Be2 d5 7. exd5 Qxd5 8. Nc3
Qd8 9. O-O a6 10. Ne4 Nxe4 11. dxe4 b5 12. Nxe5 Qxd1 13. Raxd1 Nxe5 14. Bxe5 c6
15. c3 Be6 16. c4 b4 0-1

[Event "AUTO-OPEN-1971"]
[Site "http://www.queenalice.com/game.php?id=773175"]
[Date "2010.5.9"]
[Round "1"]
[White "uracile"]
[Black "Ichigo"]
[Result "1-0"]
[WhiteElo "1800"]
[BlackElo "1374"]

1. e4 e5 2. Qh5 Nf6 3. Qxe5+ Be7 4. Nf3 O-O 5. Bc4 Nc6 6. Qf4 Nh5 7. Qf5 g6 8.
Qd5 d6 9. O-O Be6 10. Qd3 Nf4 11. Qe3 Bxc4 12. d3 Nxd3 13. cxd3 Be6 14. Nc3 1-0

[Event "AUTO-OPEN-1971"]
[Site "http://www.queenalice.com/game.php?id=773176"]
[Date "2010.5.9"]
[Round "1"]
[White "Ichigo"]
[Black "uracile"]
[Result "0-1"]
[WhiteElo "1499"]
[BlackElo "1776"]

1. c4 e5 2. e4 Bc5 3. Nf3 d6 4. Be2 Nf6 5. d3 Ng4 6. d4 exd4 7. Nxd4 Qf6 8. O-O
Nxf2 9. Rxf2 Bxd4 10. Bf3 Bxf2+ 11. Kxf2 Nd7 12. Nc3 c6 13. Qd2 Ne5 14. Qf4 Nd3+
0-1